HR ANALYTICS (Record no. 216361)

MARC details
000 -LEADER
fixed length control field 00440nam a22001697a 4500
008 - FIXED-LENGTH DATA ELEMENTS--GENERAL INFORMATION
fixed length control field 251218b |||||||| |||| 00| 0 eng d
020 ## - INTERNATIONAL STANDARD BOOK NUMBER
International Standard Book Number 978-81-19364-90-9
100 ## - MAIN ENTRY--PERSONAL NAME
Personal name GUPTA, DEEPA
245 ## - TITLE STATEMENT
Title HR ANALYTICS
Remainder of title THE FUTURE OF HR
260 ## - PUBLICATION, DISTRIBUTION, ETC.
Place of publication, distribution, etc. DELHI
Name of publisher, distributor, etc. PHI LEARNING
Date of publication, distribution, etc. 2025
300 ## - PHYSICAL DESCRIPTION
Extent XXI, 380P.
500 ## - GENERAL NOTE
General note INCLUDES INDEX
650 ## - SUBJECT ADDED ENTRY
Topical term or geographic name entry element 1. PERSONAL MANAGEMENT
700 ## - ADDED ENTRY--PERSONAL NAME
Personal name GUPTA MUKUL
942 ## - ADDED ENTRY ELEMENTS (KOHA)
Source of classification or shelving scheme Library of Congress Classification
Koha item type Long Loan Book
Holdings
Withdrawn status Lost status Source of classification or shelving scheme Damaged status Not for loan Collection Home library Current library Shelving location Date acquired Inventory number Total checkouts Full call number Barcode Date last seen Copy number Price effective from Koha item type
    Library of Congress Classification     Business & Economics Kisii University Library Kisii University Library On Display 12/18/2025 110597   HF 5549 .G87 2025 000000022516 12/18/2025 C.1 12/18/2025 Long Loan Book
    Library of Congress Classification     Business & Economics Kisii University Library Kisii University Library On Display 12/18/2025 110598   HF 5549 .G87 2025 000000022515 12/18/2025 C.2 12/18/2025 Long Loan Book
    Library of Congress Classification     Business & Economics Kisii University Library Kisii University Library On Display 12/18/2025 110599   HF 5549 .G87 2025 000000022514 12/18/2025 C.3 12/18/2025 Long Loan Book
    Library of Congress Classification     Business & Economics Kisii University Library Kisii University Library On Display 12/18/2025 110600   HF 5549 .G87 2025 000000022513 12/18/2025 C.4 12/18/2025 Long Loan Book